|
|
|
|
| LEADER |
01644nam a2200325 a 4500 |
| 001 |
18970 |
| 003 |
BD-DhAAL |
| 005 |
20200112141015.0 |
| 008 |
090812s1996 ne a b 001 0 eng d |
| 999 |
|
|
|c 3073
|d 3073
|
| 010 |
|
|
|a 96008399
|
| 020 |
|
|
|a 9004106421 (alk. paper)
|
| 020 |
|
|
|a 9789004106420
|
| 022 |
|
|
|a 13853376
|
| 040 |
|
|
|a DLC
|c DLC
|d DLC
|
| 082 |
0 |
0 |
|a 305.4095414
|2 20
|
| 100 |
1 |
|
|a Amin, Sonia.
|9 38905
|
| 245 |
1 |
4 |
|a The world of Muslim women in colonial Bengal, 1876-1939 /
|c by Sonia Nishat Amin.
|
| 260 |
|
|
|a Leiden [The Netherlands] ;
|a New York :
|b E.J. Brill,
|c 1996.
|
| 300 |
|
|
|a xxii, 313 p. :
|b ill. ;
|c 24 cm.
|
| 490 |
0 |
|
|a Social, economic, and political studies of the Middle East and Asia,
|x 1385-3376 ;
|v v. 55
|
| 504 |
|
|
|a Includes bibliographical references (p. [284]-298) and index.
|
| 541 |
1 |
|
|e 18970, 36895, 36896
|
| 650 |
|
0 |
|a Women
|z India
|z Bengal
|x History.
|9 38906
|
| 650 |
|
0 |
|a Muslim women
|z India
|z Bengal
|x History.
|9 38907
|
| 852 |
4 |
|
|a BRAC Development Institute
|j General Stacks
|
| 942 |
|
|
|2 ddc
|c BK
|
| 952 |
|
|
|0 0
|1 0
|2 ddc
|4 0
|6 305_409541400000000_AMI
|7 0
|9 2786
|a BDI
|b BDI
|c GEN
|d 2009-08-30
|e Karim International
|l 0
|o 305.4095414 AMI
|p 3010018970
|r 2009-08-30
|t 1
|w 2009-08-30
|y BK
|
| 952 |
|
|
|0 0
|1 0
|2 ddc
|4 0
|6 305_409541400000000_AMI
|7 0
|9 67700
|a BRACUL
|b BRACUL
|c GEN
|d 2020-01-12
|e Karim International
|g 9900.00
|l 1
|m 9
|o 305.4095414 AMI
|p 3010036896
|q 2025-12-31
|r 2020-01-12
|s 2020-01-12
|t 3
|v 9900.00
|w 2020-01-12
|y BK
|
| 952 |
|
|
|0 0
|1 0
|2 ddc
|4 0
|6 305_409541400000000_AMI
|7 0
|9 67701
|a BRACUL
|b BRACUL
|c GEN
|d 2020-01-12
|e Karim International
|g 9900.00
|l 2
|o 305.4095414 AMI
|p 3010036895
|r 2022-03-23
|s 2022-03-21
|t 2
|v 9900.00
|w 2020-01-12
|y BK
|